| 000 | 00402 a2200157 4500 | ||
|---|---|---|---|
| 005 | 20250429095926.0 | ||
| 020 | _a0 340 88541 6 | ||
| 082 | _a658 SUR | ||
| 100 | _aSURRIDGE, M. | ||
| 245 | _aAS Business Studies. | ||
| 250 | _a2nd Ed. | ||
| 260 |
_aLondon, _bHodder & Stoughton, _c2004. |
||
| 300 |
_avi, 348p.: ill.; figure, picture, table _bIndex _c27cm |
||
| 700 | _aGILLESPIE, A. | ||
| 942 |
_2ddc _cBKS |
||
| 999 |
_c1758 _d1758 |
||